00448 2200181 4500001002100000005001500021008004100036035002500077041000800102082001200110090001200122100002100134245004000155250001600195260002200211300002300233650001000256INLIS00000000001100020130515224723 ind  a0010-051300000011000 aind a616.132 a616.132 aArcole, Margatan aMewaspadai bluduk & serangan stroke aCetakan : 3 aSolobAnekac1997 a140 hlm. ;20.5 cm. aStruk